| 000 | 00459nam a2200193Ia 4500 | ||
|---|---|---|---|
| 008 | 090123s9999 xx 000 0 und d | ||
| 082 | _b24446 | ||
| 100 | _aE.R.DHONGDE | ||
| 245 | _aORGANISATION OF COMMERCE | ||
| 250 | _a0 | ||
| 260 | _bSHETH A.R. AND COM | ||
| 300 | _a562 | ||
| 600 | _aE.R.DHONGDE | ||
| 630 | _aORGANISATION OF COMMERCE | ||
| 700 | _aE.R.DHONGDE | ||
| 700 | _aE.R.DHONGDE | ||
| 730 | _aORGANISATION OF COMMERCE | ||
| 942 | _cBOOK | ||
| 999 |
_c62517 _d62517 |
||